| 000 | 00421nam a2200157 a 4500 | ||
|---|---|---|---|
| 001 | 2232 | ||
| 003 | CDMR | ||
| 005 | 20130405122014.0 | ||
| 008 | 130130s1974||||||||||||||||||||||||||||d | ||
| 040 |
_aCDMR _bcat _cCDMR |
||
| 100 | 1 |
_aSabater Vives, Gaspar _91404 |
|
| 245 | 1 | 3 |
_aLa prensa en Mallorca durante la Renaixença _cGaspar F Sabater Vives |
| 260 |
_aBarcelona _c1974 |
||
| 650 | 0 | 4 |
_91348 _aRenaixença |
| 942 |
_cTSN _2udc |
||
| 999 |
_c2232 _d2232 |
||